Peřeje

Main Author: Havlík, Ferdinand, 1928-2013
Language: Czech
Published: Praha : Český rozhlas, 2001
Edition: 1. vyd.
Physical Description: 1 partitura (11 s.) ; 30 cm
Musical Score Musical Score
Saved in:
LEADER 01110ncm a2200337 a 4500
001 000695520
003 CZ BrMZK
005 20031205080349.0
007 q
008 031104s2001 xr jza f cze d
024 2 |a M660512654 
028 2 1 |a R 003  |b Český rozhlas 
040 |a ABA001  |b cze  |d BOA001 
047 |a jz 
048 |a od01 
072 7 |a 785  |x Instrumentální hudba. Symfonická hudba. Hudba pro více nástrojů.  |2 Konspekt  |9 9 
080 |a 78.089.6  |2 MRF 
080 |a 785.161  |2 MRF 
100 1 |a Havlík, Ferdinand,  |d 1928-2013  |7 jn19990209218  |4 cmp 
245 1 0 |a Peřeje  |h [hudebnina] /  |c Ferdinand Havlík 
250 |a 1. vyd. 
254 |a Partitura 
260 |a Praha :  |b Český rozhlas,  |c 2001 
300 |a 1 partitura (11 s.) ;  |c 30 cm 
650 0 4 |a jazz (partitura) 
650 0 7 |a jazz  |7 ph121330  |z Česko  |y 21. stol.  |2 czenas 
650 0 4 |a jazz (alt saxofon, tenor saxofon, hudební skupina) 
655 7 |a partitury  |7 fd185981  |2 czenas 
910 |a BOA001  |b Mus4-1119.110 
990 |a MU 
996 6 |b 2610194211  |c Mus4-1119.110  |l MZK  |r Sklad / do 1 hodiny  |n 4  |w 000695520  |u 000010  |a 1  |e BOA001  |j MZK50  |s P